Dos mayse-bukh fun mayn leben

Titel: Dos mayse-bukh fun mayn leben / Meylekh Raṿiṭsh
Teil: 1. Fun di yorn 1893 biz 1908
Verfasser:
Veröffentlicht: Buenos-Aires : Unión Central Israelita en la Argentina, 1962
Umfang: 397 Seiten
Format: Buch
Sprache: Jiddisch
Schriftenreihe/
mehrbändiges Werk:
דאס מעשה-בוך פון מיין לעבן / מלך ראוויטש ; 1
alle Bände anzeigen
דאס פוילישע יידנטום ; 161
Kein Bild verfügbar
X
alg: 42438055
001A    $00030:03-01-18 
001B    $03025:14-06-23 $t09:15:37.000 
001C    $00030:03-01-18 $t16:57:26.000 
001D    $00030:03-01-18 
001U    $0utf8 
001X    $00 
002@    $0Afr 
002C    $aText $btxt $2rdacontent 
002D    $aohne Hilfsmittel zu benutzen $bn $2rdamedia 
002E    $aBand $bnc $2rdacarrier 
003@    $0424380552 
003O    $01017742521 $aOCoLC 
007A    $0424380552 $aHEB 
010@    $ayid 
010E    $erda 
011@    $a1962 
021A    $aFun di yorn 1893 biz 1908 $T01 $ULatn 
021A    $aפון די יארן 1893 ביז 1908 $T01 $UHebr 
028A    $BVerfasser $#ראוויטש, מלך $#Raviṭsh, Melekh $#Raviṭsh, Meylekh $#Raviṭš, Meilech $#Ravitsch, Melech $#Ravitch, Melech $#Ravitch, M. $#Rawiṭš, Meleḵ $#Rawicz, Mełech $#Rawitsch, Melech $#Bergner, Zekharye K. $#Bergner, Zekharye Khone $#Bergner, Zeḵaryā Ḥ. $#Bergner, Sacharja-Chone $#Bergner, Zechariah Choneh $#Rawiṭš, Meilech $#Ravich, M. $#רביץ', מלך $#רויץ', מלך $#ברגנר, חנא זכריה $#בערגנער, זכריה חנא $T01 $4aut $ULatn $711901002X $8Ravitch, Melech$Z1893-1976 [Tp1] $9087350289 
028A    $BVerfasser $#ראוויטש, מלך $#Raviṭsh, Melekh $#Raviṭsh, Meylekh $#Raviṭš, Meilech $#Ravitsch, Melech $#Ravitch, Melech $#Ravitch, M. $#Rawiṭš, Meleḵ $#Rawicz, Mełech $#Rawitsch, Melech $#Bergner, Zekharye K. $#Bergner, Zekharye Khone $#Bergner, Zeḵaryā Ḥ. $#Bergner, Sacharja-Chone $#Bergner, Zechariah Choneh $#Rawiṭš, Meilech $#Ravich, M. $#רביץ', מלך $#רויץ', מלך $#ברגנר, חנא זכריה $#בערגנער, זכריה חנא $T01 $4aut $UHebr $711901002X $8ראוויטש, מלך$Z1893-1976 [Tp1] $9087350289 
033A    $pBuenos-Aires $nUnión Central Israelita en la Argentina 
034D    $a397 Seiten 
036C    $aDos @mayse-bukh fun mayn leben $T01 $ULatn $x11 $hMeylekh Raṿiṭsh $l1 
036C    $aדאס @מעשה-בוך פון מיין לעבן $T01 $UHebr $x11 $hמלך ראוויטש $l1 
036D    $T01 $ULatn $x11 $8Dos @mayse-bukh fun mayn leben / Meylekh Raṿiṭsh $9111853648 
036D    $T01 $UHebr $x11 $8דאס @מעשה-בוך פון מיין לעבן / מלך ראוויטש $9111853648 
036E    $aDos @poylishe yidnṭum $T01 $ULatn $l161 
036E    $aדאס @פוילישע יידנטום $T01 $UHebr $l161 
045F    $a909.04924094380904 $eDDC23BSB 
045F/01 $a909.04924 
045F/03 $f0904 
045F/03 $g438 

lok: 42438055 3
101B    $003-01-18 $t16:58:41.000 
101C    $003-01-18 
101U    $0utf8 
145S/06 $a770 
145Z/01 $a907 900 T 246 
145Z/02 $a907 900 Ad 0100 

exp: 42438055 3 1 #EPN
201B/01 $003-01-18 $t16:57:58.000 
201C/01 $003-01-18 
201U/01 $0utf8 
203@/01 $01014236843 
208@/01 $a03-01-18 $brAa 
209A/01 $a84.556.83 $du $f000 $h84 556 83 $x00 
209B/01 $a303 $x05 
247C/01 $8601000-3 <30>Frankfurt, Universitätsbibliothek J. C. Senckenberg, Zentralbibliothek (ZB) $9102598258 

lok: 42438055 78

exp: 42438055 78 1 #EPN
201B/01 $014-06-23 $t09:15:37.000 
201C/01 $014-06-23 
201U/01 $0utf8 
203@/01 $01236024265 
208@/01 $a14-06-23 $be 
209A/01 $a/ $f000 $x00 
209A/01 $ab*p $x01 
220C/01 $apgar 
244Z/01 $#Generalgouvernement Polen $#Polska $#Rzeczpospolita Polska $#Polska Rzeczpospolita Ludowa $#Poland $#Pologne $#République Polonaise $#Generalne Gubernatorstwo w Polsce $#Polish People's Republic $#Polska Rzeczpospolita Polen $#PRL $#RP $#Polen Generalgouvernement $#Polska Generalgouvernement $#Besetzte Polnische Gebiete $#Besetztes Gebiet in Polen $#Okupowane Polskie Obszary $#Obszary Okupowane w Polsce $#Volksrepublik Polen $#Polska Rosyjska $#Republic Polen $#Respublika Pol'ša $#Pol'skaja Narodnaja Respublika $#République de Pologne $#Polen Links der Weichsel $#Polska po Lewej Stronie Wisły $#Lenkija $#Polija $#Gubernija Carstva Pol'skago $#Republik Polen $74046496-9 $8--Tg1--Polen $x01 $9085129801 
247C/01 $82080>Marburg/Lahn, Herder-Institut, Forschungsbibliothek, Bibliographieportal $9336309341
LEADER 00000cam a22000002cc4500
001 424380552
003 DE-603
005 20230614091537.0
007 tu
008 180103s1962 xx |||| | u00||u|yid c
035 |a (DE-599)HEB424380552 
035 |a (OCoLC)1017742521 
040 |a DE-603  |b ger  |c DE-603  |d DE-603  |e rda 
041 |a yid 
082 0 4 |8 1\u  |a 909.04924094380904  |q DE-101  |2 23/BSB 
085 |8 1\u  |b 909.04924 
085 |8 1\u  |z 1  |s 0904 
085 |8 1\u  |z 2  |s 438 
100 1 |6 880-01/Latn  |a Ravitch, Melech  |d 1893-1976  |e Verfasser  |4 aut  |0 (DE-603)087350289  |0 (DE-588)11901002X  |2 gnd 
245 0 0 |6 880-02/Latn  |a ˜Dosœ mayse-bukh fun mayn leben  |n 1  |p Fun di yorn 1893 biz 1908  |c Meylekh Raṿiṭsh 
264 1 |a Buenos-Aires  |b Unión Central Israelita en la Argentina  |c 1962 
300 |a 397 Seiten 
336 |a Text  |b txt  |2 rdacontent 
337 |a ohne Hilfsmittel zu benutzen  |b n  |2 rdamedia 
338 |a Band  |b nc  |2 rdacarrier 
490 0 |6 880-03/Latn  |a ˜Dosœ poylishe yidnṭum  |v 161 
773 0 8 |q 11  |w (DE-603)111853648 
880 0 |6 490-03/Hebr/r  |a ˜דאסœ פוילישע יידנטום  |v 161 
880 0 0 |6 245-02/Hebr/r  |a ˜דאסœ מעשה-בוך פון מיין לעבן  |n 1  |p פון די יארן 1893 ביז 1908  |c מלך ראוויטש 
880 1 |6 100-01/Hebr/r  |a ראוויטש, מלך  |d 1893-1976  |e Verfasser  |4 aut  |0 (DE-603)087350289  |0 (DE-588)11901002X  |2 gnd 
924 0 |9 30  |a (DE-603)1014236843  |b DE-30  |c HES  |d c  |g 84.556.83 
924 0 |9 2080  |a (DE-603)1236024265  |b DE-2080  |c HES  |d d  |g /